| 000 | 00344nam a2200145 i 4500 | ||
|---|---|---|---|
| 001 | bg | ||
| 100 | 1 | _aKOLLINZ, P. | |
| 245 | 0 |
_aPoljusa redze v fizike castic / _cP. Kollinz, Ju. Skvajrs. |
|
| 260 |
_aMoskva, _c1971. |
||
| 700 | 1 | _aSKVAJRS, Ju. | |
| 040 | _cBPK | ||
| 041 | _apol | ||
| 942 | _cKS | ||
| 008 | s pl f |000 0 pol | ||
| 999 |
_c13797 _d13797 |
||
| 856 |
_uhttp://koha.tu.koszalin.pl/cgi-bin/koha/opac-detail.pl?biblionumber=13797 _yKatalog online BPK |
||